Essai sur l'activitâe primitive du moi ... (رقم التسجيلة. 131481)

تفاصيل مارك
000 -LEADER
fixed length control field 00723cam a22002531 4500
008 - FIXED-LENGTH DATA ELEMENTS--GENERAL INFORMATION
fixed length control field 851218s1936 fr 000 0 fre
010 ## - LIBRARY OF CONGRESS CONTROL NUMBER
LC control number 42043055
040 ## - CATALOGING SOURCE
Original cataloging agency DLC
Transcribing agency ICL
Modifying agency DLC
050 00 - LIBRARY OF CONGRESS CALL NUMBER
Classification number BD632
Item number .N6
092 04 - LOCALLY ASSIGNED DEWEY CALL NUMBER (OCLC)
Classification number 115
Item number N778
Edition number 21
099 ## - LOCAL FREE-TEXT CALL NUMBER (OCLC)
Classification number 04
-- 115 N778
100 1# - MAIN ENTRY--PERSONAL NAME
Personal name Nogue, Jean.
245 10 - TITLE STATEMENT
Title Essai sur l'activitâe primitive du moi ...
Statement of responsibility, etc. par Jean Noguâe ...
260 ## - PUBLICATION, DISTRIBUTION, ETC.
Place of publication, distribution, etc. Paris,
Name of publisher, distributor, etc. F. Alcan,
Date of publication, distribution, etc. 1936.
300 ## - PHYSICAL DESCRIPTION
Extent 3 p. l., 232 p.
Dimensions 22 cm.
500 ## - GENERAL NOTE
General note Thesis/dissertation Univ. of Paris
502 ## - DISSERTATION NOTE
Dissertation note These--Univ. de Paris.
650 #0 - SUBJECT ADDED ENTRY--TOPICAL TERM
Topical term or geographic name entry element Space and time.
902 ## - LOCAL DATA ELEMENT B, LDB (RLIN)
No. of Items 1
905 ## - LOCAL DATA ELEMENT E, LDE (RLIN)
Cataloger Eman
Reviser Rev.
905 ## - LOCAL DATA ELEMENT E, LDE (RLIN)
Cataloger Jamal
Reviser Cat.
942 ## - ADDED ENTRY ELEMENTS (KOHA)
Source of classification or shelving scheme Dewey Decimal Classification
Koha item type Books
المقتنيات
Source of classification or shelving scheme Not for loan Home library Current library Date acquired Full call number Barcode Date last seen Copy number Koha item type
Dewey Decimal Classification   المكتبة المركزبة الجديدة - جامعة القاهرة قاعة المكتبات المهداة - الدور الرابع 11.02.2024 115 N778 B.D. 01000110196312000 23.06.2024 C.1 Books
Cairo University Libraries Portal Implemented & Customized by: Eng. M. Mohamady Contacts: new-lib@cl.cu.edu.eg | cnul@cl.cu.edu.eg
CUCL logo CNUL logo
© All rights reserved — Cairo University Libraries
CUCL logo
Implemented & Customized by: Eng. M. Mohamady Contact: new-lib@cl.cu.edu.eg © All rights reserved — New Central Library
CNUL logo
Implemented & Customized by: Eng. M. Mohamady Contact: cnul@cl.cu.edu.eg © All rights reserved — Cairo National University Library